[Event "Ruhrgebiet Verbandsklasse Gruppe 3 1415"]
[Site "Germany"]
[Date "2015.04.26"]
[Round "9.7"]
[White "Zachos, Ingo"]
[Black "Jaring, Thorsten"]
[Result "1/2-1/2"]
[WhiteElo "1909"]
[BlackElo "1932"]
[PlyCount "150"]
[EventDate "2014.09.21"]
[EventType "team-tourn"]
[EventRounds "9"]
[EventCountry "GER"]
[SourceTitle "EXT 2022"]
[Source "ChessBase"]
[SourceDate "2021.10.06"]
[SourceVersion "1"]
[SourceVersionDate "2021.10.06"]
[SourceQuality "1"]
[WhiteTeam "Eichlinghofen SV"]
[BlackTeam "Wanne-Eickel SV Unser Fritz"]
[WhiteTeamCountry "GER"]
[BlackTeamCountry "GER"]

1. Nf3 f5 2. d3 d5 3. g3 Nf6 4. Bg2 Nc6 5. 0-0 e5 6. c4 dxc4 7. Qa4 Bd7 8. Qxc4 Qe7 9. Nc3 Qc5 10. Qb3 Qb4 11. Qc2 h6 12. Bd2 Qg4 13. Nb5 Bd6 14. Nxd6+ cxd6 15. Qb3 Rb8 16. Qa3 Ke7 17. Bc3 Ke6 18. Qb3+ Ke7 19. Rac1 Rhd8 20. Qa3 Ke6 21. b4 a6 22. Qb3+ Ke7 23. a4 Be6 24. Qb2 Nd5 25. Bd2 Ndxb4 26. h3 Nxd3 27. exd3 Qxa4 28. Bc3 Qa2 29. Qb6 Qb3 30. Qe3 Kf7 31. d4 e4 32. Rb1 Qc2 33. Rfc1 Qd3 34. Qxd3 exd3 35. Ne1 Bc4 36. Bf1 b5 37. Bxd3 g6 38. Bxc4+ bxc4 39. d5 Ne7 40. Ra1 Nxd5 41. Rxa6 Rd7 42. Bd4 Nb4 43. Ra7 Rxa7 44. Bxa7 Rc8 45. Nc2 Nd3 46. Rb1 Rc7 47. Bd4 Ke6 48. Rb5 Nc1 49. Kf1 g5 50. Ke1 f4 51. Kd2 Nb3+ 52. Kc3 fxg3 53. fxg3 Nc1 54. Kd2 Nd3 55. Ne3 Nf2 56. Nd5 Rf7 57. Bxf2 Rxf2+ 58. Ke3 Rh2 59. Kf3 Rc2 60. h4 gxh4 61. gxh4 c3 62. Nf4+ Kf7 63. Ke3 Rh2 64. h5 c2 65. Rb7+ Kf6 66. Rc7 Kg5 67. Kf3 Rh1 68. Ne2 Rxh5 69. Rxc2 Kf6 70. Nf4 Ra5 71. Rd2 Ke5 72. Re2+ Kf5 73. Ng2 Ra3+ 74. Ne3+ Kg5 75. Kf2 h5 1/2-1/2

[Event "Dortmund Sparkassen op-A"]
[Site "Dortmund"]
[Date "2014.07.20"]
[Round "9"]
[White "Zachos, Ingo"]
[Black "Elefteriadis, Paul Gabriel"]
[Result "0-1"]
[WhiteElo "2112"]
[BlackElo "1906"]
[PlyCount "44"]
[EventDate "2014.07.12"]
[EventType "swiss"]
[EventRounds "9"]
[EventCountry "GER"]
[SourceTitle "CBM 161 Extra"]
[Source "ChessBase"]
[SourceDate "2014.08.29"]
[SourceVersion "1"]
[SourceVersionDate "2014.08.29"]
[SourceQuality "1"]

1. Nf3 Nc6 2. c4 e5 3. d3 f5 4. g3 Nf6 5. Bg2 d6 6. Nc3 g6 7. 0-0 Bg7 8. Rb1 a5 9. a3 0-0 10. b4 axb4 11. axb4 h6 12. b5 Ne7 13. Bb2 Be6 14. Qb3 c6 15. Ra1 Qd7 16. Ra4 Rxa4 17. Qxa4 g5 18. Qa7 f4 19. Nd2 d5 20. Ba3 d4 21. Na4 Nc8 22. Bxf8 Nxa7 0-1

[Event "Ruhrgebiet VK3 1213"]
[Site "Nordrheinwestfalen"]
[Date "2012.12.02"]
[Round "4"]
[White "Zachos, Ingo"]
[Black "Freisen, Thomas"]
[Result "1/2-1/2"]
[WhiteElo "1803"]
[BlackElo "2000"]
[PlyCount "46"]
[EventDate "2012.09.02"]
[EventType "team-tourn"]
[EventRounds "9"]
[EventCountry "GER"]
[SourceTitle "EXT 2020"]
[Source "ChessBase"]
[SourceDate "2019.10.17"]
[SourceVersion "1"]
[SourceVersionDate "2019.10.17"]
[SourceQuality "1"]
[WhiteTeam "Eichlinghofen SV II"]
[BlackTeam "Guennigfeld SV"]
[WhiteTeamCountry "GER"]
[BlackTeamCountry "GER"]

1. Nf3 Nf6 2. c4 g6 3. g3 Bg7 4. Bg2 0-0 5. 0-0 d5 6. Qc2 c6 7. b3 Bf5 8. d3 Na6 9. a3 dxc4 10. bxc4 Nc5 11. Rd1 Nfd7 12. Nc3 e5 13. Bb2 Re8 14. Nd2 Qc7 15. Na4 Rad8 16. Nxc5 Nxc5 17. Bc3 h6 18. a4 Bg4 19. Re1 Bf5 20. a5 g5 21. Reb1 Bg4 22. Nf1 Bc8 23. Qb2 Ne6 1/2-1/2

[Event "Ruhrgebiet VK3 1112"]
[Site "Nordrheinwestfalen"]
[Date "2011.12.11"]
[Round "4.1"]
[White "Lampe, Thomas"]
[Black "Zachos, Ingo"]
[Result "1/2-1/2"]
[WhiteElo "1963"]
[BlackElo "1778"]
[PlyCount "113"]
[EventDate "2012.09.18"]
[EventType "team-tourn"]
[EventRounds "9"]
[EventCountry "GER"]
[SourceTitle "EXT 2020"]
[Source "ChessBase"]
[SourceDate "2019.10.17"]
[SourceVersion "1"]
[SourceVersionDate "2019.10.17"]
[SourceQuality "1"]
[WhiteTeam "Werl SC 1981"]
[BlackTeam "Eichlinghofen SV II"]
[WhiteTeamCountry "GER"]
[BlackTeamCountry "GER"]

1. e4 d6 2. d4 Nf6 3. Nc3 g6 4. f4 Bg7 5. Nf3 0-0 6. Bc4 c5 7. dxc5 Qa5 8. Bd2 Qxc5 9. Qe2 Bg4 10. e5 dxe5 11. fxe5 Nfd7 12. e6 Ne5 13. exf7+ Kh8 14. Bb3 Nbc6 15. Be3 Qb4 16. 0-0-0 Na5 17. Rd4 Nxb3+ 18. axb3 Qa5 19. Ra4 Qc7 20. Bf4 Bxf3 21. gxf3 Rxf7 22. Nd5 Qc5 23. Bxe5 Qxd5 24. Bxg7+ Kxg7 25. Rf1 e5 26. Re4 Rf5 27. Rd1 Qe6 28. f4 Re8 29. fxe5 Re7 30. Rd6 Qf7 31. Rf6 Qd5 32. c4 Qc5 33. Rxf5 gxf5 34. Qg2+ Kh8 35. Re2 Rxe5 36. Rxe5 Qxe5 37. Qxb7 Qe3+ 38. Kc2 f4 39. Qf7 Qe4+ 40. Kc3 h6 41. Qf8+ Kh7 42. Qf7+ Kh8 43. c5 f3 44. Qf6+ Kh7 45. c6 Qe1+ 46. Kd4 f2 47. Qf7+ Kh8 48. c7 Qd2+ 49. Kc5 Qc1+ 50. Kb4 f1Q 51. Qxf1 Qxc7 52. Qf6+ Kh7 53. h4 Qb7+ 54. Ka4 Qd7+ 55. Ka5 Qd5+ 56. Ka4 Qd7+ 57. Ka5 1/2-1/2

[Event "Ruhrgebiet VL2 0910"]
[Site "Germany"]
[Date "2010.01.31"]
[Round "6.7"]
[White "Zachos, Ingo"]
[Black "Hillebrand, Carsten"]
[Result "0-1"]
[WhiteElo "2026"]
[BlackElo "1877"]
[PlyCount "130"]
[EventDate "2009.09.06"]
[EventType "team-tourn"]
[EventRounds "9"]
[EventCountry "GER"]
[SourceTitle "EXT 2011"]
[Source "ChessBase"]
[SourceDate "2010.11.26"]
[SourceVersion "1"]
[SourceVersionDate "2010.11.26"]
[SourceQuality "1"]
[WhiteTeam "Eichlinghofen SV"]
[BlackTeam "Dortmund FS 98"]
[WhiteTeamCountry "GER"]
[BlackTeamCountry "GER"]

1. Nf3 Nf6 2. c4 g6 3. g3 c6 4. b3 Bg7 5. Bb2 0-0 6. Bg2 d5 7. 0-0 Qb6 8. Qc2 Bf5 9. d3 Na6 10. a3 h6 11. Nbd2 Rad8 12. cxd5 cxd5 13. Bd4 Qe6 14. Rfe1 b6 15. Qb2 Nb8 16. Ne5 Nbd7 17. Ndf3 Nxe5 18. Nxe5 Qd6 19. Rac1 Rc8 20. b4 Ne8 21. Rxc8 Bxc8 22. Rc1 Bd7 23. Qc3 Nf6 24. Nxd7 Qxd7 25. h3 Rd8 26. e3 Ne8 27. Bxg7 Nxg7 28. Qc7 Ne6 29. Qxd7 Rxd7 30. Rc8+ Kg7 31. d4 Nd8 32. Bf1 Ne6 33. Bg2 Kf6 34. Rc6 Kg7 35. Kf1 Nd8 36. Rc8 Nb7 37. Rc6 e6 38. Ke1 Kf8 39. Bf1 Nd6 40. Bd3 Ke7 41. Kd2 f5 42. f3 Nf7 43. h4 Nd6 44. a4 g5 45. hxg5 hxg5 46. Rc1 Kf6 47. Rh1 Rg7 48. Rh8 Nf7 49. Ra8 Nd6 50. Rf8+ Ke7 51. Rh8 Kf6 52. Ra8 Rc7 53. b5 Rg7 54. Rd8 Ke7 55. Rh8 Kf6 56. Rh6+ Ke7 57. Kc3 Nf7 58. Rh1 g4 59. f4 Rg8 60. Kb4 Rc8 61. Kb3 Rc7 62. Rh7 Kd6 63. Bc2 Nd8 64. Rh8 Nb7 65. Rh6 Na5+ 0-1

[Event "Ruhrgebiet VL2 0910"]
[Site "Germany"]
[Date "2009.09.06"]
[Round "1.8"]
[White "Boehm, Malte"]
[Black "Zachos, Ingo"]
[Result "1-0"]
[WhiteElo "1761"]
[BlackElo "2026"]
[PlyCount "83"]
[EventDate "2009.09.06"]
[EventType "team-tourn"]
[EventRounds "9"]
[EventCountry "GER"]
[SourceTitle "EXT 2011"]
[Source "ChessBase"]
[SourceDate "2010.11.26"]
[SourceVersion "1"]
[SourceVersionDate "2010.11.26"]
[SourceQuality "1"]
[WhiteTeam "Brackel II"]
[BlackTeam "Eichlinghofen SV"]
[WhiteTeamCountry "GER"]
[BlackTeamCountry "GER"]

1. Nf3 Nf6 2. g3 d5 3. Bg2 c6 4. c4 dxc4 5. a4 Bf5 6. Na3 e6 7. Nxc4 Be7 8. 0-0 0-0 9. d3 Nbd7 10. Qb3 Nc5 11. Qc2 Nxd3 12. exd3 Bxd3 13. Qb3 Bxf1 14. Kxf1 Ne4 15. Be3 Nc5 16. Qc2 Qd3+ 17. Qxd3 Nxd3 18. Rd1 Rfd8 19. Ke2 Nc5 20. Bxc5 Bxc5 21. Rxd8+ Rxd8 22. Nfe5 f6 23. Nd3 Bd4 24. Na5 Rd7 25. Nb3 Kf7 26. Bh3 b6 27. Nf4 f5 28. Nd3 Bf6 29. Nd2 Rd4 30. b3 c5 31. f4 h6 32. Nf3 Re4+ 33. Kd2 g5 34. Bg2 gxf4 35. gxf4 Ke7 36. Nfe5 Bxe5 37. Bxe4 Bd6 38. Bf3 a6 39. Kc3 b5 40. Bb7 c4 41. bxc4 bxc4 42. Kxc4 1-0

[Event "Duisburg Grossenbaum op"]
[Site "Duisburg"]
[Date "2006.06.03"]
[Round "2"]
[White "Zachos, Ingo"]
[Black "Niekrens, Stefan"]
[Result "1-0"]
[WhiteElo "2108"]
[BlackElo "1708"]
[PlyCount "67"]
[EventDate "2006.06.02"]
[EventType "swiss"]
[EventRounds "7"]
[EventCountry "GER"]
[SourceTitle "EXT 2007"]
[Source "ChessBase"]
[SourceDate "2006.11.23"]
[SourceVersion "1"]
[SourceVersionDate "2006.11.23"]
[SourceQuality "1"]

1. Nf3 d5 2. c4 c6 3. b3 dxc4 4. bxc4 e5 5. Nc3 Bc5 6. e3 Bg4 7. Be2 Bxf3 8. Bxf3 Nf6 9. 0-0 0-0 10. Qb3 Na6 11. Bb2 Re8 12. Ne4 Nxe4 13. Bxe4 Qxd2 14. Qxb7 Rab8 15. Qxa6 Qxb2 16. Qxc6 Qa3 17. Bd5 Red8 18. Qc7 Be7 19. Rad1 Qc5 20. Qxe5 Kh8 21. Rb1 Bd6 22. Qf5 f6 23. Qh3 Qc8 24. Be6 Qc7 25. Bf5 h6 26. Be6 Re8 27. Bd5 Re5 28. g3 Be7 29. Qg2 Bc5 30. Qf3 Re7 31. Rxb8+ Qxb8 32. Bc6 Re5 33. Bd5 Qb2 34. Be4 1-0

[Event "Duisburg Grossenbaum op"]
[Site "Duisburg"]
[Date "2006.06.02"]
[Round "1"]
[White "Stelter, Wilhelm"]
[Black "Zachos, Ingo"]
[Result "0-1"]
[WhiteElo "1703"]
[BlackElo "2108"]
[PlyCount "36"]
[EventDate "2006.06.02"]
[EventType "swiss"]
[EventRounds "7"]
[EventCountry "GER"]
[SourceTitle "EXT 2007"]
[Source "ChessBase"]
[SourceDate "2006.11.23"]
[SourceVersion "1"]
[SourceVersionDate "2006.11.23"]
[SourceQuality "1"]

1. d4 d6 2. c4 Nf6 3. Nc3 g6 4. e4 Bg7 5. f3 0-0 6. Be3 e5 7. d5 c6 8. Bd3 b5 9. cxb5 cxd5 10. Nxd5 Nxd5 11. exd5 e4 12. fxe4 f5 13. Qc2 fxe4 14. Bc4 Nd7 15. Ne2 Ne5 16. Bd4 Bg4 17. Bxe5 Bxe5 18. Nc3 Qh4+ 0-1

[Event "Dortmund op-A"]
[Site "Dortmund"]
[Date "2004.07.29"]
[Round "7"]
[White "Georg, Heinz"]
[Black "Zachos, Ingo"]
[Result "1-0"]
[WhiteElo "2227"]
[BlackElo "2107"]
[PlyCount "47"]
[EventDate "2004.07.??"]
[EventType "swiss"]
[EventRounds "9"]
[EventCountry "GER"]
[SourceTitle "EXT 2006"]
[Source "ChessBase"]
[SourceDate "2005.11.24"]
[SourceVersion "1"]
[SourceVersionDate "2005.11.24"]
[SourceQuality "1"]

1. e4 d6 2. d4 Nf6 3. Nc3 g6 4. Be3 c6 5. Qd2 b5 6. Bd3 Nbd7 7. f3 b4 8. Na4 Qa5 9. b3 Bg7 10. Ne2 Nb6 11. a3 c5 12. axb4 cxb4 13. 0-0 Nbd7 14. d5 Nh5 15. Nd4 Ne5 16. Be2 Bd7 17. g4 Nf6 18. Nb2 Qc7 19. Qxb4 0-0 20. h3 Bc8 21. Qa5 Qxa5 22. Rxa5 Ne8 23. Nc4 e6 24. Nb6 1-0

[Event "Dortmund op-A"]
[Site "Dortmund"]
[Date "2004.07.28"]
[Round "6"]
[White "Zachos, Ingo"]
[Black "Strathoff, Martin"]
[Result "1-0"]
[WhiteElo "2107"]
[BlackElo "2079"]
[PlyCount "89"]
[EventDate "2004.07.??"]
[EventType "swiss"]
[EventRounds "9"]
[EventCountry "GER"]
[SourceTitle "EXT 2006"]
[Source "ChessBase"]
[SourceDate "2005.11.24"]
[SourceVersion "1"]
[SourceVersionDate "2005.11.24"]
[SourceQuality "1"]

1. Nf3 Nf6 2. c4 g6 3. g3 Bg7 4. Bg2 0-0 5. 0-0 d6 6. Nc3 e5 7. d3 Nc6 8. Rb1 Nd7 9. b4 f5 10. Bg5 Nf6 11. Nd5 Ne7 12. Bxf6 Bxf6 13. Nxf6+ Rxf6 14. Nd2 Rb8 15. b5 b6 16. Qb3 Kh8 17. a4 Be6 18. a5 h6 19. Ra1 f4 20. axb6 axb6 21. Ra7 fxg3 22. hxg3 Nc8 23. Ra2 Rf8 24. Ne4 Qd7 25. Rfa1 Qf7 26. Qc3 Kh7 27. Qe1 Kg7 28. Nc3 Qd7 29. Qf1 Ne7 30. Ra7 Nc8 31. R7a4 Ne7 32. Qc1 Rf7 33. Qb2 Bh3 34. Ra7 Bxg2 35. Kxg2 Rbf8 36. Ne4 Nc8 37. Rb7 Kh7 38. Rh1 Kg7 39. Qd2 Rh8 40. Rb8 Rff8 41. Nc3 Qf5 42. Qe3 Ne7 43. Rb7 Qd7 44. Qxb6 Rc8 45. e4 1-0

[Event "Dortmund op-A"]
[Site "Dortmund"]
[Date "2004.07.26"]
[Round "4"]
[White "Zachos, Ingo"]
[Black "Krallmann, Matthias"]
[Result "1/2-1/2"]
[WhiteElo "2107"]
[BlackElo "2250"]
[PlyCount "34"]
[EventDate "2004.07.??"]
[EventType "swiss"]
[EventRounds "9"]
[EventCountry "GER"]
[SourceTitle "EXT 2006"]
[Source "ChessBase"]
[SourceDate "2005.11.24"]
[SourceVersion "1"]
[SourceVersionDate "2005.11.24"]
[SourceQuality "1"]

1. d4 d5 2. c4 c6 3. e3 Nf6 4. Nf3 a6 5. c5 Bf5 6. Nc3 Nbd7 7. Be2 h6 8. Nh4 Bh7 9. f4 e6 10. Bd2 Be7 11. Nf3 0-0 12. 0-0 Ne4 13. b4 Nxc3 14. Bxc3 Nf6 15. Nd2 Ne4 16. Nxe4 Bxe4 17. Bd3 Bxd3 1/2-1/2

[Event "Dortmund op-A"]
[Site "Dortmund"]
[Date "2003.08.06"]
[Round "5"]
[White "Zachos, Ingo"]
[Black "Kartsev, Soel"]
[Result "0-1"]
[WhiteElo "2132"]
[BlackElo "2217"]
[PlyCount "70"]
[EventDate "2003.08.01"]
[EventType "swiss"]
[EventRounds "9"]
[EventCountry "GER"]
[SourceTitle "CBM 095 Extra"]
[Source "ChessBase"]
[SourceDate "2003.09.04"]
[SourceVersion "1"]
[SourceVersionDate "2003.09.04"]
[SourceQuality "1"]

1. Nf3 d5 2. c4 c6 3. b3 Bg4 4. Bb2 Bxf3 5. exf3 Nd7 6. f4 Ngf6 7. g3 h5 8. Bg2 h4 9. 0-0 hxg3 10. hxg3 e6 11. f5 Qb6 12. fxe6 fxe6 13. Qe2 0-0-0 14. d4 Re8 15. Nd2 Kb8 16. a3 g5 17. b4 Qc7 18. b5 cxb5 19. cxb5 Qc2 20. Rab1 g4 21. Rfc1 Qf5 22. Re1 Bh6 23. Nf1 Nb6 24. Ne3 Qh5 25. Qd3 Ref8 26. Nf1 Rf7 27. Rxe6 Nc4 28. Bc1 Ne4 29. Bxe4 dxe4 30. Qxe4 Rf3 31. Rxh6 Rxh6 32. Bxh6 Qxh6 33. Qxg4 Qf8 34. d5 Rxf2 35. Qxc4 Qf3 0-1

[Event "Dortmund op-A"]
[Site "Dortmund"]
[Date "2003.08.02"]
[Round "2"]
[White "Barskij, Alexander"]
[Black "Zachos, Ingo"]
[Result "0-1"]
[WhiteElo "1844"]
[BlackElo "2132"]
[PlyCount "92"]
[EventDate "2003.08.01"]
[EventType "swiss"]
[EventRounds "9"]
[EventCountry "GER"]
[SourceTitle "CBM 095 Extra"]
[Source "ChessBase"]
[SourceDate "2003.09.04"]
[SourceVersion "1"]
[SourceVersionDate "2003.09.04"]
[SourceQuality "1"]

1. e4 d6 2. d4 Nf6 3. Nc3 g6 4. f4 Bg7 5. Nf3 0-0 6. Bd3 Nc6 7. 0-0 e5 8. fxe5 dxe5 9. d5 Nd4 10. Nxe5 Nxe4 11. Bxe4 Bxe5 12. Bf4 Bxf4 13. Rxf4 Nf5 14. Qf3 Nd6 15. Bd3 f5 16. h4 Qe7 17. Rf1 Bd7 18. Qf2 b6 19. Re1 Qg7 20. Qd4 Rfe8 21. Qxg7+ Kxg7 22. Rff1 Rxe1 23. Rxe1 Kf6 24. Kf2 Re8 25. Rd1 Re5 26. g3 b5 27. b4 a6 28. a3 Bc8 29. Be2 Ke7 30. Rd4 Bb7 31. Bf1 Ne8 32. a4 bxa4 33. Nxa4 Bxd5 34. Bxa6 Nf6 35. Bd3 Ng4+ 36. Kf1 Nh2+ 37. Kg1 Bc6 38. Nc5 Ng4 39. Kf1 Re3 40. b5 Be8 41. Kg2 Re5 42. Na6 Bxb5 43. Bxb5 Rxb5 44. Nxc7 Rc5 45. Na6 Rxc2+ 46. Kf1 Nh2+ 0-1